Propagation of short radio waves / (Record no. 183454)

000 -LEADER
fixed length control field 01028 a2200193 4500
003 - CONTROL NUMBER IDENTIFIER
control field Nust
005 - DATE AND TIME OF LATEST TRANSACTION
control field 20221227124507.0
040 ## - CATALOGING SOURCE
Transcribing agency Nust
082 ## - DEWEY DECIMAL CLASSIFICATION NUMBER
Classification number 621.384151,PRO
100 ## - MAIN ENTRY--PERSONAL NAME
Personal name Kerr, Donald E.
9 (RLIN) 73687
245 ## - TITLE STATEMENT
Title Propagation of short radio waves /
Statement of responsibility, etc. Donald E.Kerr,
Medium [prepared under the supervision of the] Office of Scientific Research and Development, National Defense Research Committee
250 ## - EDITION STATEMENT
Edition statement 1st ed
260 ## - PUBLICATION, DISTRIBUTION, ETC.
Place of publication, distribution, etc. McGraw-Hill,
Name of publisher, distributor, etc. New York,
Date of publication, distribution, etc. 1951
300 ## - PHYSICAL DESCRIPTION
Extent xvii, 728 p
Other physical details illus
Dimensions diagrs. (part fold., in pocket)
Accompanying material 24 cm
505 ## - FORMATTED CONTENTS NOTE
Formatted contents note Elements of The Problem (Page-1), Theory of Propagation in a Horizontally Stratified Atmosphere (Page-27), Meteorology Of The Refraction Problem (Page-181), Experimental Studies of Refraction (Page-294), Reflections From The Earth’s Surface (Page-306), Radar Targets and Echoes (Page-445), Meteorological Echoes (Page-588), Atmospheric Attenuation (Page-641).
600 ## - SUBJECT ADDED ENTRY--PERSONAL NAME
Personal name Kerr, Donald E.
9 (RLIN) 73687
650 ## - SUBJECT ADDED ENTRY--TOPICAL TERM
Topical term or geographic name entry element Propagation of short radio waves
9 (RLIN) 106041
942 ## - ADDED ENTRY ELEMENTS (KOHA)
Source of classification or shelving scheme
Koha item type Book
Holdings
Withdrawn status Lost status Source of classification or shelving scheme Damaged status Not for loan Permanent Location Current Location Shelving location Date acquired Full call number Barcode Date last seen Price effective from Koha item type Public note
          Military College of Signals (MCS) Military College of Signals (MCS) General Stacks 12/12/2016 621.384151,PRO MCS6917 12/08/2016 12/12/2016 Book Almirah No.84, Shelf No.3
          Military College of Signals (MCS) Military College of Signals (MCS) General Stacks 12/12/2016 621.384151,PRO MCS6942 12/08/2016 12/12/2016 Book Almirah No.38, Shelf No.6
          Military College of Signals (MCS) Military College of Signals (MCS) General Stacks 12/12/2016 621.384151,PRO MCS7012 12/08/2016 12/12/2016 Book Almirah No.84, Shelf No.3
          Military College of Signals (MCS) Military College of Signals (MCS) General Stacks 12/12/2016 621.384151,PRO MCS7017 12/08/2016 12/12/2016 Book Almirah No.84, Shelf No.3
          Military College of Signals (MCS) Military College of Signals (MCS) General Stacks 08/07/2023 621.384151,PRO MCS7015 08/07/2023 08/07/2023 Book Almirah No.84, Shelf No.3
© 2023 Central Library, National University of Sciences and Technology. All Rights Reserved.